000 00458nam a2200169 a 4500
001 0860
005 20140414131934.0
008 040930s19uu xx 00 eng d
020 _a0-8442-0931-7
050 _aREF 574.503
_bD52 1997
245 _aDictionary of the environment.
260 _aLincolnwood, Il., USA :
_bNTC Publishing Group,
_c1997.
300 _avi, 249 p. ; cm.
440 _aNTC Pocket References
650 _aTitle.
999 _c112373
_d112373